• 首页
  • 本馆介绍
  • 公告通知
  • 最新文献
  • 馆藏检索
  • 电子资源
  • 读者导购
  • 参考咨询
  • 我的图书馆
  • 登录
  • 详细信息显示
  • 放入我的书架
  • 预约/预借图书
  • 作者相关作品
  • 分类相关作品
  • 丛书相关作品
  • 出版社相关作品

书目信息

  • 表格格式
  • 工作单格式
  • 卡片格式
题名:
饲料添加剂基础知识
    
 
作者: 李凤双 , 尤文涟 主编
分册:  
出版信息: 青岛   青岛海洋大学出版社  1989
页数: 462页
开本: 20cm
丛书名:
单 册:
中图分类: S816.7
科图分类:
主题词: 饲料添加剂--基本知识
电子资源:
ISBN: 978-7-81026-086-2
000 00681nam0 2200229 450
001 0100260410
005 20130705144450.0
010    @a978-7-81026-086-2@dCNY6.30
100    @a20021005d1989 em y0chiy0110 ea
101 0  @achi
102    @aCN@b370000
105    @ay z 000yy
106    @ar
200 1  @a饲料添加剂基础知识@9Si Liao Tian Jia Ji Ji Chu Zhi Shi;Zhi @f李凤双主编@g尤文涟等编著@b专著
210    @a青岛@c青岛海洋大学出版社@d1989
215    @a462页@d20cm
606 0  @a饲料添加剂@x基本知识
690    @aS816.7@v3
701  0 @a李凤双@9li feng shuang@4主编
701  0 @a尤文涟@9you wen lian@4编著
801  0 @aCN@bAiZhiMarc
905    @aBZT@dS816.7@e103@f2@sS816.7/103
    
    饲料添加剂基础知识/李凤双主编/尤文涟等编著.-青岛:青岛海洋大学出版社,1989
    462页;20cm
    
    
    ISBN 978-7-81026-086-2:CNY6.30
    
●
相关链接 在五车中查询图书 在当当中查询图书 在豆瓣中查询图书


正题名:饲料添加剂基础知识     索取号:S816.7/103         预约/预借

序号 登录号 条形码 馆藏地/架位号 状态 备注
1 2000116319   2000116319   旧书回溯/ [索取号:S816.7/103] 在馆    
2 2000116320   2000116320   旧书回溯/ [索取号:S816.7/103] 在馆    
山东省滨州职业学院图书馆 欢迎您!
大连网信软件有限公司© 版权所有